BSOP header

Sartre (Record no. 51408)

MARC details
000 -LEADER
fixed length control field 02827cam a2200325 i 4500
001 - CONTROL NUMBER
control field 18168353
005 - DATE AND TIME OF LATEST TRANSACTION
control field 20220324103252.0
008 - FIXED-LENGTH DATA ELEMENTS--GENERAL INFORMATION
fixed length control field 140529s2014 enk b 001 0deng
010 ## - LIBRARY OF CONGRESS CONTROL NUMBER
LC control number 2014015829
020 ## - INTERNATIONAL STANDARD BOOK NUMBER
International Standard Book Number 9780521826402 (hardback)
040 ## - CATALOGING SOURCE
Original cataloging agency DLC
Language of cataloging eng
Description conventions rda
Transcribing agency DLC
Modifying agency DLC
042 ## - AUTHENTICATION CODE
Authentication code pcc
100 1# - MAIN ENTRY--PERSONAL NAME
Personal name Flynn, Thomas R.,
Relator term author.
245 10 - TITLE STATEMENT
Title Sartre
Medium [electronic resource] :
Remainder of title a philosophical biography /
Statement of responsibility, etc Thomas R. Flynn.
260 ## - PUBLICATION, DISTRIBUTION, ETC. (IMPRINT)
Place of publication, distribution, etc Cambridge :
Name of publisher, distributor, etc Cambridge University Press,
Date of publication, distribution, etc c2014.
300 ## - PHYSICAL DESCRIPTION
Extent xv, 436 pages ;
Dimensions 24 cm
336 ## - CONTENT TYPE
Content Type Term text
Source rdacontent
337 ## - MEDIA TYPE
Media Type Term computer
Source rdamedia
338 ## - CARRIER TYPE
Carrier Type Term online resource
Source rdacarrier
504 ## - BIBLIOGRAPHY, ETC. NOTE
Bibliography, etc Includes bibliographical references and index.
505 8# - FORMATTED CONTENTS NOTE
Formatted contents note Machine generated contents note: 1. The childhood of a genius; 2. An elite education: student, author, soldier, teacher; 3. Teaching in the Lyce;e, 1931-1939; 4. First triumph: The Imagination; 5. Consciousness as imagination; 6. The necessity of contingency: Nausea; 7. The war years, 1939-1944; 8. Bad faith in human life: Being and Nothingness; 9. Existentialism: the fruit of liberation; 10. Ends and means: existential ethics; 11. Means and ends: political existentialism; 12. A theory of history: Search for a Method; 13. Individuals and groups: Critique of Dialectical Reason; 14. A second ethics?; 15. Existential biography: Flaubert and others; Conclusion: the Sartrean imaginary, chastened but indomitable.
520 ## - SUMMARY, ETC.
Summary, etc "Jean-Paul Sartre (1905-1980) was one of the most influential thinkers of the twentieth century. Regarded as the father of existentialist philosophy, he was also a political critic, moralist, playwright, novelist, and author of biographies and short stories. Thomas R. Flynn provides the first book-length account of Sartre as a philosopher of the imaginary, mapping the intellectual development of his ideas throughout his life, and building a narrative that is not only philosophical but also attentive to the political and literary dimensions of his work. Exploring Sartre's existentialism, politics, ethics, and ontology, this book illuminates the defining ideas of Sartre's oeuvre: the literary and the philosophical, the imaginary and the conceptual, his descriptive phenomenology and his phenomenological concept of intentionality, and his conjunction of ethics and politics with an 'egoless' consciousness. It will appeal to all who are interested in Sartre's philosophy and its relation to his life"--
600 10 - SUBJECT ADDED ENTRY--PERSONAL NAME
Personal name Sartre, Jean-Paul,
Dates associated with a name 1905-1980.
650 #0 - SUBJECT ADDED ENTRY--TOPICAL TERM
Topical term or geographic name as entry element Existentialism.
650 #7 - SUBJECT ADDED ENTRY--TOPICAL TERM
Topical term or geographic name as entry element PHILOSOPHY / History & Surveys / General.
Source of heading or term bisacsh
655 #4 - INDEX TERM--GENRE/FORM
Genre/form data or focus term Electronic books
856 ## - ELECTRONIC LOCATION AND ACCESS
Uniform Resource Identifier <a href="https://drive.google.com/file/d/1ZZyldwWRllgGijiexG5RxNTRF9VTdCc0/view?usp=sharing">https://drive.google.com/file/d/1ZZyldwWRllgGijiexG5RxNTRF9VTdCc0/view?usp=sharing</a>
906 ## - LOCAL DATA ELEMENT F, LDF (RLIN)
a 7
b cbc
c orignew
d 1
e ecip
f 20
g y-gencatlg
942 ## - ADDED ENTRY ELEMENTS (KOHA)
Source of classification or shelving scheme Library of Congress Classification
Item type eBooks
Holdings
Withdrawn status Lost status Source of classification or shelving scheme Damaged status Not for loan Home library Current library Date acquired Inventory number Total Checkouts Date last seen Price effective from Koha item type
    Library of Congress Classification     BSOP Library Digital Library 05/08/2024 eB-00567   05/08/2024 05/08/2024 eBooks
BSOP

Biblical Seminary of the Philippines
  All rights Reserved
  © 2024

CONTACT INFORMATION

Biblical Seminary of the Philippines,
  77-B Karuhatan Road, Valenzuela City,
  PHILIPPINES 1441
  Phone: +632 8292-6795 / 8292-6798
  Fax : +632 8292-6675
  Email: library@bsop.edu.ph